000 00510nam a22001697a 4500
005 20251108164144.0
008 250721s1998 xx 000 0 ara d
082 1 4 _a210.4/عكا
100 1 _aعكام، محمود
245 1 0 _aلوحات :
_bصفحات من الإيمان و التجربة و الوجدان /
264 1 _aحلب :
_bفصلت للدراسات والنشر،
_c1998.
300 _a142 ص
650 1 7 _aالإسلام
650 1 7 _aالمقالات
942 _2ddc
_cBK
999 _c5049
_d5049